| 000 | 03693nam a22002897a 4500 | ||
|---|---|---|---|
| 005 | 20170829123845.0 | ||
| 008 | 130305k15791580it ||||fr|||| 001 0 lat d | ||
| 040 |
_cSandra Yazo _dSandra Yazo |
||
| 041 | 1 | _alat | |
| 082 | 0 | 4 |
_220 _a340.54 |
| 092 | _aE24N075 | ||
| 100 | 1 |
_aGambiglioni, Angelo _cactive 15th century _931538 |
|
| 242 | 0 | 0 |
_aComentarios de Ángelo de Ubaldi ... de Perugia, al Código: _bEnriquecida con comentarios por Francisco Curtius, maestro en ambos derechos, y de otros sabios doctores. Con sumarios y un índice muy completo de conceptos y temas importantes. En esta edición se depuraron, con sumo cuidado y diligencia, de innumerables errores de distintas clases. _yspa _pComentarios de Ángelo de Ubaldi ... sobre el volumen de las Auténticas. Completada con los comentarios de doctos maestros. Con sumarios y un índice muy completo de conceptos y temas importantes. Revisados, con sumo cuidado y diligencia, de diferentes erratas. |
| 245 | 1 | 0 |
_aAngeli Vbaldi ... praeclarissimi, In Codicem commentaria: _cFrancisci Curtij iur. vtriusque interprete, aliorumq´ue doctissimorum hominum ... annotationibus illustrata; cum summarijs, & indice rerum ac verborum memorabilium, locupletissimis, hac in editione summo studio ac diligentia ab innumeris & varijs mendis repurgata. _pAngeli Vbaldi ... praeclarissimi, In Authen. volumen commentaria eruditissimorum hominum adnotationibus illustrata; cum summarijs, & indice rerum ac verborum memorabilium, locupletissimis, hac in editione summo studio ac diligentia ab innumeris & varijs mendis repurgata |
| 260 |
_aVenetiis [Venecia] (Italia) _bAd signum aquilae se renovantis [Donde el emblema del águila que se renueva a sí misma] _c1579-1580 |
||
| 300 |
_a2 obras en el volumen (10 - 279 ; 39 folios) _c42 x 28 cm. |
||
| 500 | _aDetalles físicos: Ejemplar sin encuadernación, incluye dos obras, mútilo; la primera obra sin portada, páginas preliminares inicia en el folio 10, la segunda portada sin últimos folios. Texto impreso en dos columnas, muy densas. Párrafos marcados con números y letras. Signaturas y reclamos. La segunda obra incluye una portada impresa a dos tintas con un grabado. Hojas muy deterioradas en bordes y esquinas. Últimos hojas desprendidas y sueltas | ||
| 505 | 0 | _rComentarios de Ángel de Ubaldis al Código ; Comentarios de Ángel de Ubaldis al volumen de las Auténticas | |
| 506 | _aConsulta en sala | ||
| 546 | _aTexto en latín | ||
| 650 | 7 |
_aDerecho civil _xObras anteriores a 1800 _929560 |
|
| 650 | 7 |
_aDerecho romano _xObras anteriores a 1800 _929420 |
|
| 690 |
_aDerecho civil _912711 |
||
| 856 | 4 | 1 |
_uhttps://books.google.com.co/books?id=fewQpdtX_HwC&printsec=frontcover&dq=Angeli+Vbaldi+Perusini+iurisc.+praeclarissimi,+In+Codicem+commentaria+:&hl=es&sa=X&redir_esc=y#v=onepage&q&f=false _zDisponible en línea Obra 1 |
| 856 | 4 | 1 |
_uhttps://books.google.com.co/books?id=DdYhOT_F9jwC&printsec=frontcover&dq=Angeli+Vbaldi+...+praeclarissimi,+In+Authen.+volumen+commentaria+eruditissimorum+hominum+adnotationibus+illustrata%3B+cum+summarijs,+%26+indice+rerum+ac+verborum+memorabilium,+locupletissimis,+hac+in+editione+summo+studio+ac+diligentia+ab+innumeris+%26+varijs+mendis+repurgata+1580&hl=es&sa=X&redir_esc=y#v=onepage&q=Angeli%20Vbaldi%20...%20praeclarissimi%2C%20In%20Authen.%20volumen%20commentaria%20eruditissimorum%20hominum%20adnotationibus%20illustrata%3B%20cum%20summarijs%2C%20%26%20indice%20rerum%20ac%20verborum%20memorabilium%2C%20locupletissimis%2C%20hac%20in%20editione%20summo%20studio%20ac%20diligentia%20ab%20innumeris%20%26%20varijs%20mendis%20repurgata%201580&f=false _zDisponible en línea Obra 2 |
| 942 |
_cLIBRO _e1 _2LOCAL _hE24N075 |
||
| 999 |
_c165594 _d165594 |
||